[Event "URU-ch Semi Final 2020"]
[Site "Montevideo"]
[Date "2020.02.22"]
[Round "1.1"]
[White "Palacio, Enzo"]
[Black "Coppola, Claudio"]
[Result "1-0"]
[WhiteElo "1869"]
[BlackElo "2314"]
[Annotator "TA"]
[PlyCount "51"]
[EventDate "2020.02.22"]
[EventType "swiss"]
[EventCountry "URU"]
[SourceTitle "playchess.com"]
[Source "ChessBase"]
[SourceQuality "1"]

{[%evp 28,51,50,33,22,13,27,0,0,-75,25,35,37,28,43,6,35,26,59,64,46,-72,-67,-81,1201,1188]} 1. e4 c5 2. Nf3 d6 3. d4 cxd4 4. Nxd4 Nf6 5. Nc3 g6 6. Be3 Bg7 7. f3 O-O 8. Qd2 Nc6 9. Bc4 Bd7 10. O-O-O Rc8 11. Bb3 Ne5 12. Kb1 Nc4 13. Bxc4 Rxc4 14. h4 h5 15. g4 hxg4 {B78: Sicilian Dragon: Yugoslav Attack, 9 Bc4 Bd7 10 0-0-0 Rc8.} 16. h5 $1 {[%cal Rh5h6]} Nxh5 {And now ...gxf3 would win.} 17. fxg4 (17. Rdg1 $11) 17... Bxg4 $17 {The position is equal.} 18. Rdg1 {[#]} Qc8 ({Better is} 18... e5 $1 $17 {[%cal Re5d4]} 19. Ndb5 Bf3) 19. Nd5 $11 Re8 20. b3 {[%cal Bb2b3,Bb3c4][%mdl 32] [#]} e6 $146 ({Predecessor:} 20... Rc5 21. Rh4 Bd7 22. Rxh5 gxh5 23. Bh6 Bg4 24. Qg5 {1-0 (24) Masiya,M (1290)-Mootseng,P Port Elizabeth 2016}) 21. Rxg4 exd5 22. Rgg1 $36 {[%mdl 2048] Hoping for Rxh5. White has the initiative.} Nf6 23. bxc4 {Strongly threatening Qh2.} Nxe4 24. Qb4 {[#]} (24. Qd3 $14 {stays ahead.}) 24... a5 $1 $17 {[%cal Ra5b4]} 25. Qb3 Bxd4 $4 {[%mdl 8192]} (25... b5 $17 26. Kc1 dxc4) 26. Bxd4 {Accuracy: White = 67%, Black = 55%.} 1-0

[Event "URU-ch Semi Final 2020"]
[Site "Montevideo"]
[Date "2020.02.22"]
[Round "1.2"]
[White "Lopez Azambuja, Nicolas"]
[Black "Ruggiero, Alvaro"]
[Result "1-0"]
[WhiteElo "2310"]
[BlackElo "1843"]
[Annotator "TA"]
[PlyCount "191"]
[EventDate "2020.02.22"]
[EventType "swiss"]
[EventCountry "URU"]
[SourceTitle "playchess.com"]
[Source "ChessBase"]
[SourceQuality "1"]

{[%evp 22,191,107,47,47,52,95,97,106,104,145,111,247,253,597,364,385,389,449,289,282,285,282,271,302,298,312,293,309,296,296,289,296,290,282,282,338,301,317,312,313,297,290,282,354,354,346,352,341,345,413,398,387,0,331,330,474,479,467,466,466,422,420,406,444,389,405,397,347,304,297,293,293,279,481,474,445,275,247,227,227,227,227,168,154,0,72,0,227,227,433,404,514,518,501,440,452,227,227,227,313,313,388,343,499,502,489,503,501,493,887,362,322,0,849,871,842,584,419,411,1074,1114,29966,29969,29971,29971,29972,29974,29974,29975,29975,29975,29980,29981,29981,29982,29982,29975,29981,29972,29972,29972,29967,29972,29971,29969,29979,29979,29979,29980,29982,29983,29983,29984,29987,29988,29988,29984,29980,0,29988,0,29986,29987,29987,29988,29988,29989,29991,29992,29992,29993]} 1. e4 c6 2. d4 d5 3. exd5 cxd5 4. c4 e6 5. Nc3 Nf6 6. Nf3 Nc6 7. cxd5 Nxd5 8. Bd3 Be7 9. O-O O-O 10. Re1 b6 11. Nxd5 exd5 12. Bxh7+ (12. Qc2 $16 Nb4 13. Bxh7+ Kh8 14. Qb1) 12... Kxh7 $14 {B22: Sicilian: 2 c3.} 13. Qc2+ {[%mdl 64] Double Attack} g6 {And now ...Bd7 would win.} 14. Qxc6 Bf5 {White is better.} 15. Bf4 Be4 16. Nd2 {[#]} Bb4 $146 (16... Rc8 $16 {is a better defense.} 17. Qb7 Bd6) ({Predecessor:} 16... Bf5 17. Bc7 Qe8 18. Qxd5 Be6 19. Qe5 Bb4 20. Ne4 Be7 21. Nf6+ Bxf6 22. Qxf6 Rh8 23. Be5 Qf8 24. Re4 {1-0 (24) Koskoska,G (2242)-Borda Rivera,C (2088) Mallorca 2004}) 17. Nxe4 $18 Bxe1 $2 (17... dxe4 {is tougher.} 18. Rxe4 Rc8) 18. Ng5+ ({Weaker is} 18. Rxe1 dxe4 19. Rd1 (19. Rxe4 Rc8 $11) (19. Qxe4 Re8 $15) 19... Qe8 $11) 18... Kg8 19. Rxe1 {aiming for Nxf7!} Re8 20. Qxe8+ Qxe8 21. Rxe8+ Rxe8 {[%cal Re8e1]} 22. Nf3 Rc8 23. Ne1 f6 24. Kf1 Kf7 25. Ke2 Ke6 26. Kd3 g5 27. Bd2 Rh8 28. h3 Rc8 29. Nf3 Rg8 30. g3 Kf5 31. Be3 Rh8 32. h4 Kg4 33. Ke2 ({Stronger than} 33. hxg5 Kxf3 34. gxf6 Rf8 $15) 33... gxh4 34. Nxh4 Rc8 {If only Black now had time for ...Rc2+....} 35. Kd3 Rg8 36. Bf4 Re8 37. Be3 $2 (37. f3+ $18 Kh5 38. a4) 37... Rd8 $2 {[%mdl 8192]} (37... Rg8 $1 $11 {and Black has nothing to worry.} 38. Bf4 Kh5) 38. a4 a6 (38... Rh8 $142 39. Ng6 Rd8) 39. Bf4 Rd7 40. f3+ Kh5 41. Nf5 Kg6 42. g4 Kf7 43. Ne3 Ke6 44. Nc2 Rh7 45. Be3 Rh4 46. Nb4 a5 47. Nc2 f5 $2 (47... Rh1 48. Bd2 Rh4) 48. gxf5+ Kxf5 49. Na3 Rh2 50. Bd2 Rh3 51. Ke3 Rh1 52. Ke2 Rh2+ 53. Kd3 (53. Kd1 $142 $1) 53... Rh3 $1 $16 54. Ke3 $2 (54. Nb1 $16) 54... Rh1 $1 $18 {White stays focused until the end.} 55. Nc2 Rb1 $2 (55... Ke6 56. Ne1 Rh2) 56. Bc3 Rc1 57. Kd2 Rh1 58. Ne3+ Ke6 59. b3 (59. f4 $142) 59... Rh2+ 60. Ke1 $1 Rh1+ {[#]} 61. Nf1 $1 Kf5 62. Kf2 {Threatens to win with Ng3+.} Rh8 (62... Ke6 $142 63. Kg2 Rh8) 63. Ne3+ Ke6 64. f4 Rh1 65. f5+ Kd6 (65... Kf6 $142 66. Nxd5+ Kxf5 67. Nxb6 Rh3 68. Bxa5 Rxb3) 66. Be1 (66. b4 $142 Rh4 67. bxa5 bxa5 68. Kf3) 66... Rh4 67. Bc3 $2 (67. Ke2 Rxd4 68. Bg3+ Kd7 69. Nc2 Re4+ 70. Kf3) 67... Rh1 $1 68. b4 Rc1 69. Bd2 Ra1 70. bxa5 bxa5 (70... Ra2 $142 71. Ke1 (71. axb6 Rxd2+ 72. Kg3 Rd3 $11) 71... bxa5 72. Bxa5 Rxa4) 71. Bxa5 Rxa4 72. Bb6 Ke7 73. Kf3 Kf6 74. Kf4 Ra2 75. Nxd5+ Kf7 76. Ne3 Kf6 77. Ng4+ Ke7 78. Bc5+ Kf7 79. Bd6 Ra1 80. Ke5 Re1+ {[#]} 81. Kd5 $1 Rg1 82. Ne3 Re1 83. Ke4 Kf6 84. Be5+ Ke7 85. d5 Rh1 86. d6+ Kd7 87. Kd5 Rh3 88. Bd4 Rf3 89. Ke4 Rh3 90. Kd5 $2 (90. Ke5 {mates} Rh8 91. Ng4 Kc6 92. Nf6 Rh2 93. d7 Rh8 94. Ke6 Rb8 95. Ke7) 90... Rh5 $2 {[%mdl 8192]} (90... Rf3 $11 91. Nc4 Rf1) 91. Be5 Rh3 92. Nc4 {White mates.} Rd3+ 93. Bd4 Rd1 94. Ne5+ Ke8 95. f6 Kd8 96. f7 {Accuracy: White = 76%, Black = 62%.} 1-0

[Event "URU-ch Semi Final 2020"]
[Site "Montevideo"]
[Date "2020.02.22"]
[Round "1.3"]
[White "Zaruski, Julio"]
[Black "Michailov, Matias"]
[Result "0-1"]
[WhiteElo "1822"]
[BlackElo "2262"]
[Annotator "TA"]
[PlyCount "120"]
[EventDate "2020.02.22"]
[EventType "swiss"]
[EventCountry "URU"]
[SourceTitle "playchess.com"]
[Source "ChessBase"]
[SourceQuality "1"]

{[%evp 10,120,22,6,19,11,34,30,46,22,26,32,27,10,9,0,13,-9,-8,-20,-14,-20,-17,-22,-11,-47,-47,-80,-75,-82,-68,-94,-36,-112,-79,-131,-84,-162,-95,-91,-96,-101,-94,-91,-93,-106,-100,-102,-99,-131,-56,-41,-42,-175,-169,-173,-163,-197,-204,-276,-272,-259,-261,-271,-268,-428,-428,-428,-428,-417,-373,-350,-345,-396,-389,-378,-368,-502,-503,-477,-446,-421,-428,-467,-428,-705,-846,-757,-625,-827,-823,-796,-131,-756,-694,-1318,-1293,-1300,-1300,-11490,-6101,-2346,-1137,-568,-527,-29973,-29969,-29979,-29980,-29982,-29983,-29992,-29993]} 1. d4 Nf6 2. Nf3 g6 3. e3 Bg7 4. Be2 O-O 5. O-O d6 6. b3 a5 {6...e5 is the modern continuation. A48: 1 d4 Nf6 2 Nf3 g6: Torre, London and Colle Systems.} 7. Bb2 e5 8. dxe5 Ng4 {[#] White has an edge.} 9. Nc3 $146 {Hoping for exd6.} ({Predecessor:} 9. Nbd2 Nc6 10. Qc1 Ngxe5 11. Rd1 a4 12. a3 Qe7 13. b4 b6 14. Nxe5 Nxe5 15. Nf3 {½-½ (23) Obregon Peralta,V (2151)-Ostos,J (2326) San Cristobal 2012}) 9... Nxe5 10. Nxe5 Bxe5 11. Na4 (11. f4 {keeps more tension.} Bg7 12. Bf3 Re8 13. Qd2 c6 14. Rad1) 11... Qe7 12. Bxe5 dxe5 13. e4 Be6 14. Nb2 Nd7 15. Bc4 Nc5 16. Bxe6 Nxe6 17. Nc4 Rfd8 18. Qg4 h5 19. Qg3 {[#]} Nf4 $1 {[%cal Rf4e2] ...Ne2+ is the strong threat.} 20. Kh1 Rd4 ({Black should try} 20... b5 $17 21. Ne3 a4) 21. f3 (21. a4 $15) 21... a4 22. Ne3 (22. Qe1 $142) 22... Qc5 23. Nd5 (23. Rae1 $17) 23... Nxd5 (23... Qxc2 $19 24. Nxf4 exf4) 24. Qxe5 $17 {[%mdl 64] Pin} Rd2 25. exd5 Rxd5 26. Qe4 c6 27. Rae1 axb3 28. axb3 Rd2 29. Re2 Rxe2 ({Black should play} 29... Qb5 $17 30. c4 Rxe2 31. cxb5 Rxe4 32. fxe4 cxb5) 30. Qxe2 {[%mdl 4096] Endgame KQR-KQR} Ra2 31. Qe8+ ({Only move:} 31. Rc1 $1 $15) 31... Kg7 $19 32. c4 Rb2 $40 {[%mdl 128] Black is out for blood.} 33. f4 Rxb3 34. f5 {[#]} Qxf5 $1 {[%cal Rf5f1][%mdl 512]} 35. Qe1 {[#]} (35. Rxf5 Rb1+) 35... Re3 $1 {[%mdl 512]} 36. Qa1+ (36. Qxe3 Qxf1+) 36... Qe5 37. Qb1 (37. Qxe5+ $142 Rxe5 38. Kg1) 37... b5 38. cxb5 cxb5 39. Qa2 Qe6 40. Qb2+ {[#]} Re5 $1 41. h3 f6 42. Qb4 {[#]} Qc4 $1 43. Qb1 b4 44. Rc1 Qf4 45. Rf1 Qe4 46. Qa2 {[#]} Qe2 $1 47. Qa1 (47. Qxe2 $142 Rxe2 48. Rb1) 47... b3 48. Rb1 Re3 49. Rb2 Qe1+ 50. Qxe1 Rxe1+ {KR-KR} 51. Kh2 {This move loses the game for White.} Re3 52. h4 g5 53. hxg5 fxg5 54. g4 h4 55. Rd2 Rc3 (55... Rg3 $142 56. Rd4 Kf6) 56. Rd7+ Kf6 57. Rb7 Ke5 {Black mates.} 58. Rb4 Kd5 59. Rb5+ Kc4 60. Rxg5 b2 {Accuracy: White = 49%, Black = 79%.} 0-1

[Event "URU-ch Semi Final 2020"]
[Site "Montevideo"]
[Date "2020.02.22"]
[Round "1.4"]
[White "Larrea, Manuel"]
[Black "Davila Texeira, Mario"]
[Result "1-0"]
[WhiteElo "2243"]
[BlackElo "1819"]
[Annotator "TA"]
[PlyCount "93"]
[EventDate "2020.02.22"]
[EventType "swiss"]
[EventCountry "URU"]
[SourceTitle "playchess.com"]
[Source "ChessBase"]
[SourceQuality "1"]

{[%evp 27,93,84,89,-44,-29,-96,-87,-101,0,0,0,-89,-96,-99,-64,-56,-56,-79,0,0,0,0,0,7,41,34,164,61,46,51,61,42,97,84,94,68,61,26,64,38,58,37,98,68,116,94,256,245,272,181,592,214,219,169,169,174,180,190,180,194,199,97,171,173,320,304,438,425]} 1. e4 c5 2. Nf3 Nc6 3. d4 cxd4 4. Nxd4 g6 5. Nc3 Bg7 6. Be3 d6 7. Qd2 Nf6 8. f3 Bd7 9. O-O-O O-O 10. Bc4 Rc8 11. Bb3 Ne5 12. Kb1 Nc4 13. Bxc4 Rxc4 14. g4 b5 15. Ndxb5 {B78: Sicilian Dragon: Yugoslav Attack, 9 Bc4 Bd7 10 0-0-0 Rc8.} (15. b3 $16 Rc7 16. Ndxb5 (16. Ncxb5 Bxb5 17. Nxb5 {[%mdl 64] Discovered Attack} Rb7 $16) 16... Bxb5 17. Nxb5) 15... Qb8 $1 $15 16. Nd4 (16. Bxa7 $2 Qb7 $19) (16. b3 $11 Bxb5 17. bxc4 Bxc4+ 18. Ka1) 16... Rfc8 $17 17. Ka1 {Black is better.} Be6 {[#]} ({Black should try} 17... Bxg4 $1 $17 18. Qf2 (18. fxg4 Nxe4 19. Qe2 Rxc3 $17) 18... Be6) 18. Rb1 $146 ({Much weaker is} 18. Nxe6 Rxc3 19. Nd4 (19. bxc3 $2 {perishes.} Nxe4 20. Rb1 Nxd2 $19) 19... Nxe4 $1 $17 {[%mdl 512]}) ({Predecessor:} 18. h4 Qb7 19. Rb1 Nd7 20. h5 Nc5 21. hxg6 hxg6 22. Qh2 Rxd4 23. Qh7+ Kf8 24. Bh6 {1-0 (39) Malakhov,V (2570)-Dragojlovic,A (2350) Porto San Giorgio 1999}) 18... Nd7 19. Nd5 (19. h4 $11) 19... Bxd5 $1 $17 20. exd5 Ne5 21. c3 Qb7 {[%mdl 1024] Black has compensation.} 22. Bh6 Bf6 (22... Bxh6 $17 23. Qxh6 R4c5) 23. g5 $11 Bh8 $1 24. f4 Ng4 25. Nc6 Nxh6 (25... Ra4 $5 {[%cal Rg4h6]}) 26. gxh6 {Na5 is the strong threat.} Bf6 (26... Ra4 $1 $14 27. b3 Ra6) 27. Rhe1 (27. Na5 $1 $18 {[%cal Ra5b7]} Qd7 28. Nxc4 Rxc4 29. h4) 27... Ra4 $14 {White must now prevent ...Qb3.} 28. b3 Ra6 29. Rb2 Rb6 (29... Raxc6 $14 30. dxc6 Qxc6) 30. Kb1 $16 Kf8 31. c4 Qd7 32. Nd4 Rc7 33. Rc2 Qh3 34. f5 Qg4 (34... Rcb7 $14) 35. Nb5 Rcb7 36. fxg6 Qxg6 $2 (36... hxg6 $16 37. Nc3 Qh3) 37. Qe3 $18 Bg5 38. Qd4 Qf6 $2 (38... Bf6 {is a better chance.} 39. Qe4 a6) 39. Qxf6 $2 (39. Qg4 {[%cal Rg4c8]} Rb8 40. Rg1) 39... Bxf6 40. Rg2 a6 {[#]} 41. Na3 $1 $40 {[%mdl 128] White goes for the king.} Rb8 42. Re4 Ke8 43. Nc2 Kd7 {[#]} 44. Ne3 (44. Nd4 $1 $18 {and White stays clearly on top.}) 44... Rh8 (44... a5 $16) 45. Ng4 Bc3 (45... Bg5 {was necessary.}) 46. Kc2 Bb4 (46... Be5 {was worth a try.} 47. Kd3 (47. Nxe5+ dxe5 48. Rxe5 Rxh6 $18) 47... Rhb8 48. Rxe5 (48. Nxe5+ dxe5 49. Rxe5 Rxh6 $18) 48... dxe5) 47. Rge2 {Accuracy: White = 54%, Black = 39%.} 1-0

[Event "URU-ch Semi Final 2020"]
[Site "Montevideo"]
[Date "2020.02.22"]
[Round "1.5"]
[White "De los Reyes, Mauro"]
[Black "Carbone, Diego"]
[Result "0-1"]
[WhiteElo "1815"]
[BlackElo "2239"]
[Annotator "TA"]
[PlyCount "122"]
[EventDate "2020.02.22"]
[EventType "swiss"]
[EventCountry "URU"]
[SourceTitle "playchess.com"]
[Source "ChessBase"]
[SourceQuality "1"]

{[%evp 9,122,1,10,8,15,3,38,0,0,6,0,4,25,0,54,24,16,0,0,12,26,18,39,37,105,10,79,79,110,29,84,102,111,107,104,100,101,89,119,130,119,96,127,119,127,105,110,30,27,29,32,0,0,-12,-20,-112,-8,-12,-2,-50,-10,-27,-39,-23,-28,-70,-27,-95,0,0,0,-144,-35,-104,-79,-606,-526,-617,-617,-574,-563,-614,-604,-537,-559,-460,-426,-29969,-218,-29971,-29972,-29972,-29973,-29973,-29974,-29974,-29974,-29975,-29976,-29976,-29977,-29977,-29978,-29978,-29979,-29979,-29980,-29980,-29974,-29982,-29981,-29981,-29982,-29982,-681]} 1. d4 Nf6 2. e3 g6 3. Bd3 Bg7 4. c3 d6 5. e4 O-O 6. Nf3 {A45: Trompowsky Attack.} c5 7. h3 {[#]} a6 $146 ({Predecessor:} 7... Nc6 8. d5 Ne5 9. Nxe5 dxe5 10. c4 e6 11. Nc3 exd5 12. cxd5 Bd7 13. Bg5 Qe7 14. Qf3 Nh5 15. Bxe7 {1-0 (15) Zhu,Y (2231)-Janik,I (2130) Durban 2014}) 8. a4 {White is slightly better.} cxd4 9. cxd4 Nc6 10. Nc3 Nd7 11. Bc4 e6 (11... e5 $11) 12. Be3 Nb6 13. Be2 d5 14. e5 f6 15. exf6 $1 Qxf6 16. a5 Nd7 (16... Nc4 $14) 17. O-O ({White should play} 17. h4 $1 $16) 17... Ne7 (17... Qd8 $11) 18. Qd2 Nf5 19. Bd3 (19. Bg5 $16 Qf7 20. Rac1) 19... Nh4 (19... Nxe3 $11 20. fxe3 (20. Qxe3 Nb8 $11) 20... Qd8) 20. Nh2 $16 {Threatens to win with Bg5.} Nf5 21. Ng4 Qe7 22. Bxf5 gxf5 23. Bg5 Qe8 24. Nh2 $1 Nf6 25. Bh6 Qg6 26. Bxg7 Qxg7 27. Nf3 Bd7 28. Qg5 (28. Ne5 $16) 28... Qxg5 $11 29. Nxg5 Ne4 30. Ngxe4 fxe4 31. Rfc1 Rac8 32. Nd1 {[#]} (32. Ra3 $11) 32... Bb5 (32... e5 $1 $17 {[%cal Re5d4][%mdl 512]} 33. Rxc8 (33. dxe5 d4) 33... Rxc8) 33. Ne3 h5 34. g3 Bc6 35. Rd1 Kf7 36. h4 Bb5 37. Rdc1 Kf6 (37... e5 {looks sharper.} 38. Rd1 Rfd8 39. Rd2 Ke6 40. Rad1 exd4 41. Rxd4 Be2) 38. b4 (38. Kg2 $11) 38... Rxc1+ (38... Rfd8 $17) 39. Rxc1 $17 {[%mdl 4096] Endgame KRB-KRN} Bc6 40. Rd1 (40. Ng2 $11 {remains equal.}) 40... Rd8 (40... e5 $17 41. f4 exf3) 41. Kg2 ({Better is} 41. f3 $15) 41... e5 42. Nc2 $2 {[%mdl 8192] White does not recover from this.} (42. f4 $17 exf3+ 43. Kxf3) 42... Ba4 $19 43. dxe5+ Kxe5 44. Rd2 Bxc2 45. Rxc2 {KR-KR} d4 46. Kf1 d3 47. Rc5+ Rd5 {aiming for ...Rxc5.} 48. Ke1 (48. Rc1 $19) 48... Kd4 $2 (48... Rxc5 {mates} 49. bxc5 Kd5 50. Kd2 Kd4 51. g4 hxg4 52. h5 g3 {[%mdl 64] Deflection} 53. fxg3 e3+ 54. Ke1 Kc3 55. h6 Kc2 56. Kf1 d2 57. Ke2 d1=Q+ 58. Kxe3 Qd2+ 59. Ke4 Qxa5 60. h7 Qc3 61. Kd5 a5 62. h8=B Qxh8 63. c6 a4 64. cxb7 a3 65. g4 a2 66. g5 a1=Q 67. b8=Q Qxb8 68. Ke4 Qae5+ {[%mdl 64] Double Attack} 69. Kf3 Qg3+ 70. Ke4 Qbe5#) 49. Kd2 $2 (49. Rc7 $19 Rb5 50. Kd2) 49... Rxc5 {Black mates.} 50. bxc5 {[#] KP-KP} e3+ $1 {[%mdl 512]} 51. fxe3+ Ke4 52. g4 hxg4 53. h5 g3 54. h6 g2 55. h7 g1=Q 56. h8=Q Qxe3+ {[%mdl 64] Double Attack} 57. Kc3 Qxc5+ {[%mdl 64] Double Attack} 58. Kb3 Qb5+ 59. Ka3 Qxa5+ 60. Kb3 Qd5+ 61. Ka3 Qc5+ {Accuracy: White = 50%, Black = 59%.} (61... d2 $142 62. Qh7+ Kd4 63. Qg7+ Kc4 64. Qg4+ Kc3 65. Qg7+ Kc2 66. Qb2+ Kd3 67. Qb1+ Ke2 68. Qb4 d1=Q 69. Qe7+ Kd3 70. Qh7+ Qe4 71. Qd7+ Ke2 72. Qxd1+ Kxd1 73. Kb3 Kc1 74. Kc3 b5 75. Kb3 Qc4+ 76. Ka3 Qa4#) 0-1

[Event "URU-ch Semi Final 2020"]
[Site "Montevideo"]
[Date "2020.02.22"]
[Round "1.6"]
[White "Muniz, Rafael"]
[Black "Garcia, Matias"]
[Result "0-1"]
[WhiteElo "2232"]
[BlackElo "1810"]
[Annotator "TA"]
[PlyCount "192"]
[EventDate "2020.02.22"]
[EventType "swiss"]
[EventCountry "URU"]
[SourceTitle "playchess.com"]
[Source "ChessBase"]
[SourceQuality "1"]

{[%evp 9,192,30,47,28,74,30,46,24,26,8,14,-4,0,-5,-7,-18,13,14,15,0,31,28,28,15,20,-16,0,0,0,0,50,39,52,48,43,0,0,-61,0,-9,0,0,50,68,50,31,22,16,54,0,31,34,40,-95,-87,-95,-94,-116,-112,-115,-108,-126,-95,-152,-109,-238,-102,-110,-104,-115,-100,-100,-100,-127,-119,-115,-43,-164,-172,-157,-157,-181,-178,-213,-192,-189,-100,-100,-100,-166,-166,-331,-327,-293,-33,-33,-33,-32,-32,-33,-34,-41,0,-8,-8,-74,-59,-440,-440,-455,-447,-440,-233,-380,-100,-1763,-1432,-1425,-1425,-4781,-3671,-4788,-4727,-4727,-3669,-29967,-29959,-29977,-29978,-29978,-29975,-29976,-29977,-29977,-29979,-29979,-29980,-29982,-29977,-29977,-29975,-29975,-29976,-29976,-29976,-29976,-29975,-29975,-29975,-29975,-29975,-29978,-29976,-29976,-29977,-29979,-29980,-29980,-29979,-29980,-29978,-29983,-29978,-29977,0,-29979,-29980,-29980,-29980,-29980,-29979,-29980,-29978,-29977,-29978,-29978,-29979,-29979,-29980,-29980,-29981,-29981,-29981,-29979,-29980]} 1. e4 d5 2. exd5 Qxd5 3. Nc3 Qa5 4. Bc4 Nf6 5. d3 Bf5 6. Bd2 {Strongly threatening Nd5. B01: Scandinavian Defence.} c6 7. Nge2 (7. Nd5 $5 Qd8 8. Nxf6+ gxf6 9. Qh5 $14) 7... e6 8. O-O {White is slightly better.} Nbd7 9. Ng3 Bg6 10. Qe2 Qe5 11. Be3 Qc7 12. f4 {[#] Threatens to win with f5.} Bd6 $146 ({Predecessor:} 12... Be7 13. f5 exf5 14. Bf4 Qb6+ 15. Kh1 Kf8 16. Bb3 Re8 17. Qf3 h5 18. Be3 Qa5 19. Nxf5 Bxf5 20. Qxf5 Qxf5 21. Rxf5 {1-0 (33) Falke,C (1672)-Mueller,A (1627) Oberhof 2010}) 13. Nce4 Bxe4 14. dxe4 Bc5 15. Bxc5 Nxc5 16. b4 Ncd7 17. Kh1 O-O 18. e5 Nd5 19. Rae1 Qb6 20. a3 a5 21. f5 $36 {[%mdl 2048] White fights for an advantage.} Qd4 22. Bxd5 (22. Bd3 $5 {[%cal Rf5e6]} g6 23. bxa5 $11) 22... cxd5 23. Nh5 ({White should play} 23. bxa5 $11 Rxa5 24. Qh5) 23... exf5 (23... axb4 $15 24. axb4 Qxb4) 24. Rf4 Qc3 25. e6 Nf6 {aiming for ...Nxh5.} 26. Rf3 Qb2 27. Rb3 Qd4 28. Rd3 Qh4 $1 {[%cal Rh4h5]} 29. Nxf6+ Qxf6 30. e7 Rfe8 31. Re3 (31. Rxd5 $14 {is the one way to stay ahead.} g6 32. Qd2 (32. bxa5 Ra6 $14) (32. Rxa5 Rxa5 33. bxa5 Qc3 $11)) 31... axb4 32. axb4 Ra6 33. Qb5 {[%cal Rb5e8]} Qc6 34. Qd3 Qd7 35. h3 g6 36. c4 (36. Qd4 $142) 36... d4 37. Rd1 (37. c5 $17) 37... Re6 ({Much less strong is} 37... Rxe7 38. Rxe7 Qxe7 39. c5 $17) (37... Rd6 $1 $19 {has better winning chances.} 38. c5 Rd5) 38. Rxe6 $17 fxe6 39. Qxd4 Qxd4 ({Much weaker is} 39... Qxe7 $6 40. Qe5 $11) 40. Rxd4 Rxe7 {[%mdl 4096] Endgame KR-KR} 41. Kg1 Kf7 42. Kf2 e5 (42... b6 $17 43. Ke2 Rc7) 43. Rd5 {[#]} (43. Rd6 $15) 43... Ke6 $1 $19 44. Rb5 Rc7 45. c5 e4 46. Ke3 Kd5 47. Rb6 Kc4 (47... g5 $19 48. Rd6+ Ke5) 48. h4 $17 Rd7 49. Rd6 (49. g3 $17) 49... Re7 $19 50. Rd4+ $2 (50. Rb6) 50... Kc3 {...f4+! is the strong threat.} 51. g3 {If White can now play b5 this consolidates a bit.} Rf7 $2 (51... Rc7 $19 52. b5 Rxc5) 52. b5 $15 Rc7 53. b6 $1 {[%cal Rb6c7]} Re7 54. Rd8 Kc4 55. Rc8 Rd7 (55... h5 $5 {[%cal Rc4b5]} 56. c6 Kb5 $15) 56. Ke2 Kb5 57. h5 (57. Rc7 $11 Rd3 58. Rxb7 Kxc5 59. Rxh7) 57... gxh5 {[#]} 58. Rf8 $2 {[%mdl 8192] Black continues to play with concentration.} (58. c6 $1 $15 {[%mdl 512]} bxc6 59. Rc7) 58... Kxc5 $19 59. Rxf5+ Kxb6 60. Rxh5 Rg7 (60... Ka6 $142 61. Re5 b5) 61. Kf2 (61. Rh1 $142) 61... e3+ $2 (61... Ka6 $19 {Hoping for ...b5.} 62. Ke3 b5 63. Kxe4 Rd7) 62. Kf3 $2 {[%mdl 8192]} (62. Kxe3 $17 Ka6 63. Kd4) 62... Re7 63. Ke2 Ka6 64. g4 b5 {[%cal Bb7b5,Bb5b4,Bb4b3][%mdl 32]} 65. g5 Ka5 66. Rh6 b4 67. g6 hxg6 68. Rxg6 b3 69. Rg8 Ka6 70. Ra8+ Ra7 71. Rb8 Rb7 72. Ra8+ Kb5 73. Kd3 Kb4 74. Re8 Rc7 75. Rb8+ Ka3 76. Kxe3 Kb2 77. Kd3 Rc3+ 78. Kd2 Rc2+ 79. Kd1 Rc4 80. Rb7 Ka2 81. Ra7+ Kb1 82. Rb7 b2 83. Kd2 Rc6 84. Rh7 Rb6 85. Rg7 Rb3 86. Ra7 Rb6 $2 (86... Rb5 {mates} 87. Kc3 Rc5+ 88. Kd2 Rd5+ 89. Ke3 Kc2 90. Rc7+ Kb3 91. Rb7+ Kc3 92. Rb8 Rd3+ 93. Ke2 Rd4 94. Kf3 Rb4 95. Rc8+ Kb3 96. Re8 b1=Q 97. Re3+ Kc4 98. Re4+ Kc3 99. Re3+ Kd4 100. Ra3 Qf1+ 101. Kg3 Ke4 102. Rc3 Qe1+ 103. Kh3 Qxc3+ 104. Kg4 Ke5+ 105. Kh5 Qg3 106. Kh6 Rh4#) 87. Kd1 $2 {[%mdl 8192]} (87. Rg7 $11 Ka2 88. Rg1 b1=Q 89. Rxb1 Rxb1 90. Kc3 Rd1 91. Kc2 Rd4 92. Kc3 Rh4 93. Kc2 Rh3 94. Kd2 Kb3 95. Ke2 Kc2 96. Kf2 Kd2 97. Kg2 Ra3 98. Kf2 Rb3 99. Kg1 Ke1 100. Kg2 Ke2 101. Kh1 Kf1 102. Kh2 Kf2 103. Kh1 Rh3#) 87... Rd6+ {Black mates.} 88. Ke2 Rd4 89. Ke3 Rd1 90. Ke2 Rh1 91. Kd2 Rh2+ 92. Kd3 Kc1 93. Rc7+ Kd1 94. Rb7 Rh3+ 95. Kd4 Kc2 96. Rc7+ Kb3 {Accuracy: White = 60%, Black = 71%.} 0-1